000 02307nam a2200373 a 4500
003 CHAP
005 20230516181832.0
007 ta
008 230516s2017 ck ad||gr|||| 001 0 spa d
020 _a978-958-771-491-3
040 _amxchpua
_cCHAP
_erda
050 1 0 _aTS160
_b.G84 2017
082 0 0 _a658.787
_bG84 2017
_220
100 1 _9124595
_aGuerrero Salas, Humberto
_eautor
245 1 0 _aInventarios manejo y control /
_cHumberto Guerrero Salas
250 _a2a edición
264 _aBogotá, Colombia :
_bECOE Ediciones,
_c2017
300 _axvii, 158 páginas :
_bilustraciones, diagramas, gráficas, tablas
336 _2rdacontent
_atexto
_btxt
337 _2rdamedia
_asin medio
_bn
338 _2rdacarrier
_avolumen
_bnc
490 1 _aCiencias empresariales. Logística (ECOE Ediciones)
504 _aBibliografía: páginas 157-158
505 0 _aCapítulo 1. Generalidades de los modelos de inventarios -- Capítulo 2. Modelos determinísticos -- Capítulo 3. Sistemas de inventarios -- Capítulo 4. Modelos estocásticos -- Respuestas a ejercicios propuestos -- Bibliografía
520 2 _aLa nueva edición de Inventarios. Manejo y control brinda las herramientas y procedimientos para resolver problemas empresariales relacionados con la gestión de inventarios. Introduce los métodos electrónicos de control de inventarios y la creación de escategramas. El texto inicia con las nociones teóricas de los elementos de la gestión de inventarios; luego, trata los modelos básicos determinísticos del control de estos; en seguida, vincula las probabilidades en el manejo de inventarios, a través de sus sistemas de control; finalmente, presenta modelos estocásticos de inventario, aplicando otras distribuciones de probabilidad. El libro va dirigido a estudiantes de Ingeniería Industrial, Administración de Empresas, Economía, y a interesados en emplear la investigación de operaciones para optimizar procesos de inventarios.
650 1 3 _960169
_aInventarios
650 1 3 _9144175
_aMetodología
650 1 3 _9153136
_aManejo de materiales
650 1 3 _9187046
_aInventories
650 1 3 _9147174
_aMethodology
650 1 3 _9187047
_aMaterials handling
830 _9163543
_aCiencias empresariales. Logística (ECOE Ediciones)
942 _2ddc
_cLibro
999 _c218763
_d218763